| 000 | 00663nam a2200217Ia 4500 | ||
|---|---|---|---|
| 003 | OSt | ||
| 005 | 20240802110225.0 | ||
| 008 | 210716s2013 xx 000 0 und d | ||
| 020 | _a9788131791448 | ||
| 040 | _cAIMIT LIBRARY | ||
| 041 | _aeng | ||
| 082 |
_a005.1331 _22 _bKAMA |
||
| 100 |
_aKamthane, Ashok Namdev. _9174880 |
||
| 245 |
_aProgramming in c++ / _cBy Ashok Namdev Kamthane. |
||
| 250 | _a2nd ed. | ||
| 260 |
_aNew Delhi : _bPearson Education , _c2013. |
||
| 300 |
_axvi,885p. ; _bPB _c23 cm. |
||
| 650 |
_aControl loop structures _9174881 |
||
| 650 |
_aOperator overloading and type conversion _9174882 |
||
| 942 |
_2ddc _cBK _e2nd ed. _k005.1331 KAMA |
||
| 999 |
_c193725 _d193725 |
||